<?xml version="1.0" encoding="UTF-8"?>
<marc:record xmlns:marc="http://www.loc.gov/MARC21/slim">
   <marc:leader>00000nam a2200000 a 4500</marc:leader>
   <marc:datafield ind1="1" ind2=" " tag="100">
      <marc:subfield code="a">Pantermüller, Alice</marc:subfield>
      <marc:subfield code="4">aut</marc:subfield>
      <marc:subfield code="e">Verfasser/-in</marc:subfield>
   </marc:datafield>
   <marc:datafield ind1="1" ind2=" " tag="100">
      <marc:subfield code="a">Kohl, Daniela</marc:subfield>
   </marc:datafield>
   <marc:datafield ind1=" " ind2=" " tag="653">
      <marc:subfield code="a">Pantermüller</marc:subfield>
   </marc:datafield>
   <marc:datafield ind1=" " ind2=" " tag="653">
      <marc:subfield code="a">Alice</marc:subfield>
   </marc:datafield>
   <marc:datafield ind1=" " ind2=" " tag="653">
      <marc:subfield code="a">Mein Lotta-Leben</marc:subfield>
   </marc:datafield>
   <marc:datafield ind1="0" ind2="0" tag="245">
      <marc:subfield code="a">Mein Lotta-Leben: Ich glaub, meine Kröte pfeift!</marc:subfield>
   </marc:datafield>
   <marc:datafield ind1=" " ind2="1" tag="264">
      <marc:subfield code="a">Würzburg</marc:subfield>
      <marc:subfield code="b">Arena Verlag</marc:subfield>
      <marc:subfield code="c">2014</marc:subfield>
   </marc:datafield>
   <marc:datafield ind1="1" ind2=" " tag="490">
      <marc:subfield code="a">Mein Lotta-Leben</marc:subfield>
      <marc:subfield code="v">5</marc:subfield>
   </marc:datafield>
   <marc:datafield ind1=" " ind2=" " tag="250">
      <marc:subfield code="a">Sonderausgabe 2014</marc:subfield>
   </marc:datafield>
   <marc:datafield ind1="1" ind2=" " tag="520">
      <marc:subfield code="a">Was haben der Stummelfußfrosch, das Rüsselhündchen und Lottas Schildkröte Heesters gemeinsam? Sie sind vom Aussterben bedroht! Voll fies, finden Lotta und Cheyenne und werden kurzerhand die besten, witzigsten und chaotischsten Tierretter der Welt. Charmant, voller Überraschungen und herrlich komisch: Lottas fünftes Alltagsabenteuer!#Als Lotta herausfindet, dass ihre Schildkröte Heesters vom Aussterben bedroht ist, kriegt sie einen ganz schönen Schreck. Heesters ist zwar schon uralt und ein bisschen langweilig, aber er soll nicht aussterben, genauso wenig wie Pandas, Tiger und Nashörner. Das ist eindeutig ein Fall für die Wilden Kaninchen, finden Lotta, Paul und Cheyenne ... und starten die größte Tierrettungsaktion aller Zeiten.#Quelle: Verlagsinfo</marc:subfield>
   </marc:datafield>
   <marc:datafield ind1=" " ind2=" " tag="500">
      <marc:subfield code="a">Sonderausgabe (5 Bände in Kassette</marc:subfield>
   </marc:datafield>
</marc:record>
